000 00998nam a2200277Ia 4500
001 113309
003 DR-UNIBE
005 20250313141208.0
008 250310b2018 xxu||||| |||| 00| 0 eng d
020 _a9781305507272
040 _aBIBLIOTECA UNIBE
_cBIBLIOTECA UNIBE
_erda
041 _aspa
082 _a658.834 H868c 2018
100 _aHoyer, Wayne D
_dautor
_9193006
245 1 0 _aConsumer behavior /
_cWayne D. Hoyer, Deborah J. MacInnis, Rik Pieters
250 _aSéptima edición
260 _aBoston :
_bCengage Learning,
_c2018
300 _axviii, 525 páginas :
_bilustrciones
504 _aIncludes bibliographical references and index.
650 4 _aEstudios de mercado
_zEstados Unidos
_9193007
650 4 _aComportamiento del consumidor
_zEstados Unidos
_9193008
650 4 _aComportamiento del consumidor
_zEstados Unidos
_xEstudio de casos
_9193009
700 _aMacInnis, Deborah J.
_eautor
_9193010
700 _aPieters, Rik
_eautor
_9192664
942 _cBK
_2ddc
999 _c113309
_d113309